| 000 | 00836 a2200241 4500 | ||
|---|---|---|---|
| 020 | _a0471804584 | ||
| 020 | _a0471804576 | ||
| 040 |
_aLibrary of Congress _bEnglish |
||
| 082 | 0 | 0 | _a530 |
| 100 | 1 | _aResnick, Robert, | |
| 245 | 1 | 0 |
_aPhysics _cRobert Resnick, David Halliday, Kenneth S. Krane. |
| 250 | _a4th ed. | ||
| 260 |
_aNew York : _bWiley, _cc1992. |
||
| 300 |
_a1 v. (1020, [34] p.) : _bill. ; _c29 cm. |
||
| 500 | _aVol. 1 by David Halliday, Robert Resnick, Kenneth S. Krane. | ||
| 500 | _aIncludes indexes. | ||
| 650 | 0 | _aPhysics. | |
| 700 | 1 |
_aHalliday, David, _d1916- |
|
| 700 | 1 | _aKrane, Kenneth S. | |
| 856 | 4 |
_3Table of Contents only _uhttp://www.loc.gov/catdir/toc/onix05/91035885.html |
|
| 856 | 4 |
_3Publisher description _uhttp://www.loc.gov/catdir/enhancements/fy0607/91035885-d.html |
|
| 942 |
_cBK _k530 RES _2ddc |
||
| 999 |
_c4410 _d4410 |
||